000 00249nam a2200109Ia 4500
008 190912s9999||||xx |||||||||||||| ||und||
100 _a King - Smith
245 0 _aLady Daisy
260 _alondon
_bPenguin Books
_c1992
300 _a160
942 _cBK
999 _c7293
_d7293